Missing Word: Love-ly Movies Quiz Stats

 Plays Quiz Updated Aug 28, 2017

Score 0/15 Timer 02:00
0 Plays Today
Title Missing Word % Correct
P.S. I Love ________You
98.6%
________ Love Got to Do with It?What's
94.7%
When a Man Loves a ________Woman
93.8%
Can't ________ Me LoveBuy
77.5%
Must Love ________Dogs
72%
Crazy ________ LoveStupid
68%
From ________ with LoveRussia
65.3%
Love and Other ________Drugs
58.9%
Title Missing Word % Correct
I ________ I Love My WifeThink
54.8%
Love in the Time of ________Cholera
43.4%
A Love ________ for Bobby LongSong
39.7%
Love's ________ LostLabours
31%
For the Love of ________Money
20.2%
Love in the ________Afternoon
16.6%
Love's Abiding ________Joy
6.3%

Today's Daily Dose

Missing Word
Directed by Peter

Word Ladder
Blink-182

Quick Pick
Eagles Songs

Get the Picture
NFC West Profiles

You're not logged in!

Compare scores with friends on all Sporcle quizzes.
OR
Log In

Show Comments

Extras

Top Quizzes Today


Score Distribution

Your Account Isn't Verified!

In order to create a playlist on Sporcle, you need to verify the email address you used during registration. Go to your Sporcle Settings to finish the process.

Report this User

Report this user for behavior that violates our Community Guidelines.

Details: